| 000 | 00343nam a22001457a 4500 | ||
|---|---|---|---|
| 003 | SGT | ||
| 020 | _a978-81-89798-57-4 | ||
| 082 |
_a615.53 _bS16M |
||
| 100 | _aMUSALAGAONKAR,GAJANANA SASTRI | ||
| 245 | _aTHE SAMKHYA- TATTVA KAUMAUDI | ||
| 260 |
_aVARANASI _bCHAUKHAMBHA PUB _c2016 |
||
| 300 | _a396 | ||
| 650 | _aAYURVEDA | ||
| 942 |
_2ddc _cBK |
||
| 999 |
_c14449 _d14449 |
||